[Event "Joytu Sheikh Hasina Online op"]
[Site "Chess.com INT"]
[Date "2020.09.26"]
[Round "7"]
[White "Shahnaz, Mohammad Faruque"]
[Black "Mohammad Fahad, Rahman"]
[Result "0-1"]
[WhiteElo "1831"]
[BlackElo "2319"]
[PlyCount "48"]
[EventDate "2020.09.24"]
[EventType "swiss"]
[EventRounds "9"]
[EventCountry "BAN"]
[SourceTitle "EXT 2022"]
[Source "ChessBase"]
[SourceDate "2021.10.06"]
[SourceVersion "1"]
[SourceVersionDate "2021.10.06"]
[SourceQuality "1"]

1. e4 c5 2. Nf3 d6 3. d4 cxd4 4. Nxd4 Nf6 5. Nc3 Nc6 6. Be2 e5 7. Nb3 Be7 8. 0-0 0-0 9. Kh1 a5 10. a4 Nb4 11. Bc4 Be6 12. Bxe6 fxe6 13. Bg5 d5 14. Bxf6 Bxf6 15. Qg4 Qe7 16. Nb5 Bg5 17. exd5 exd5 18. c3 Nd3 19. Qe2 e4 20. N3d4 Rae8 21. Kg1 Qf6 22. Nc7 Re5 23. Rad1 Rf7 24. b3 Rxc7 0-1

[Event "Dhaka Rating op"]
[Site "Dhaka"]
[Date "2019.05.24"]
[Round "2"]
[White "Bhuiyan, Golam Mostafa"]
[Black "Shahnaz, Mohammad Faruque"]
[Result "0-1"]
[WhiteElo "2101"]
[BlackElo "1855"]
[PlyCount "86"]
[EventDate "2019.05.23"]
[EventType "swiss"]
[EventRounds "8"]
[EventCountry "BAN"]
[SourceTitle "EXT 2020"]
[Source "ChessBase"]
[SourceDate "2019.10.17"]
[SourceVersion "1"]
[SourceVersionDate "2019.10.17"]
[SourceQuality "1"]

1. d4 d5 2. c4 c6 3. g3 Nf6 4. Bg2 g6 5. Nf3 Bg7 6. 0-0 0-0 7. Nc3 dxc4 8. Ne5 Be6 9. f4 Nbd7 10. e4 Nxe5 11. fxe5 Bg4 12. Qd2 Ne8 13. h3 Bc8 14. Kh2 f6 15. exf6 Nxf6 16. e5 Nd5 17. Ne4 Rxf1 18. Bxf1 Bf5 19. Bg2 Bxe4 20. Bxe4 Qb6 21. h4 Rf8 22. h5 Bxe5 23. hxg6 Qxd4 24. gxh7+ Kh8 25. Qxd4 Bxd4 26. Rb1 Rf2+ 27. Kh3 Nf6 28. Bg6 Nxh7 29. Bf4 Kg7 30. Bxh7 Kxh7 31. Rc1 b5 32. Re1 Bf6 33. b3 Rxa2 34. bxc4 bxc4 35. Re6 Ra6 36. g4 Kg6 37. Re4 c3 38. Rc4 Ra3 39. Rxc6 c2+ 40. Kg2 Rc3 41. Rxc3 Bxc3 42. Bc1 Bf6 43. Kf3 Bg5 0-1

[Event "Dhaka Walton op 07"]
[Site "Dhaka"]
[Date "2018.07.10"]
[Round "7"]
[White "Shahnaz, Mohammad Faruque"]
[Black "Hossain, Enayet Mohammed"]
[Result "0-1"]
[WhiteElo "1813"]
[BlackElo "1956"]
[PlyCount "110"]
[EventDate "2018.07.04"]
[EventType "swiss"]
[EventRounds "9"]
[EventCountry "BAN"]
[SourceTitle "EXT 2019"]
[Source "ChessBase"]
[SourceDate "2018.10.10"]
[SourceVersion "1"]
[SourceVersionDate "2018.10.10"]
[SourceQuality "1"]

1. e4 d6 2. d4 g6 3. Nc3 Bg7 4. f4 c6 5. h3 b5 6. a3 e5 7. Nf3 exd4 8. Nb1 a6 9. Bd3 Ne7 10. 0-0 0-0 11. c3 dxc3 12. Nxc3 Nd7 13. Be3 Nc5 14. Bc2 f5 15. e5 Nb7 16. exd6 Bxc3 17. bxc3 Nd5 18. Bb3 Qxd6 19. Bxd5+ cxd5 20. Bd4 Qxf4 21. Ne5 Qg5 22. Nf3 Qd8 23. Qe1 Re8 24. Qg3 Nd6 25. Qf4 Nf7 26. Rae1 Re4 27. Rxe4 dxe4 28. Nd2 g5 29. Qe3 Nd6 30. Qg3 Nf7 31. Qe3 Qd5 32. g4 h6 33. Rf2 Nd6 34. gxf5 Nxf5 35. Qxe4 Qxe4 36. Nxe4 Nxd4 37. cxd4 Bxh3 38. d5 Kg7 39. Kh2 Bd7 40. Nc5 Bg4 41. Kg3 Bc8 42. Re2 Kf7 43. Rh2 Kg7 44. Re2 Bf5 45. d6 h5 46. d7 h4+ 47. Kg2 Kf7 48. Re5 Bxd7 49. Nxd7 g4 50. Re4 Rd8 51. Ne5+ Kf6 52. Nxg4+ Kf5 53. Rb4 Rd3 54. a4 Rg3+ 55. Kh2 Rxg4 0-1

[Event "BAN-chT"]
[Site "Dhaka"]
[Date "2017.12.10"]
[Round "2.1"]
[White "Shahnaz, Mohammad Faruque"]
[Black "Avik, Sarker"]
[Result "1/2-1/2"]
[WhiteElo "1855"]
[BlackElo "2001"]
[PlyCount "74"]
[EventDate "2017.12.09"]
[EventType "team-tourn"]
[EventRounds "11"]
[EventCountry "BAN"]
[SourceTitle "CBM 182 Extra"]
[Source "ChessBase"]
[SourceDate "2018.02.23"]
[SourceVersion "1"]
[SourceVersionDate "2018.02.23"]
[SourceQuality "1"]
[WhiteTeam "Sonali Bank Sports"]
[BlackTeam "Fire Service & Civil Defense"]
[WhiteTeamCountry "BAN"]
[BlackTeamCountry "BAN"]

1. e4 e5 2. Nf3 Nf6 3. Nxe5 d6 4. Nf3 Nxe4 5. Qe2 Qe7 6. d3 Nf6 7. Bg5 Qxe2+ 8. Bxe2 Be7 9. Nc3 c6 10. 0-0-0 Na6 11. Rhe1 Nc7 12. d4 Ne6 13. Bh4 Kd8 14. h3 h6 15. Bg3 Re8 16. d5 Nxd5 17. Nxd5 cxd5 18. Rxd5 Kc7 19. Red1 Rd8 20. Nd4 Nxd4 21. R5xd4 Be6 22. Bf3 Rac8 23. Kb1 Rd7 24. Be2 a6 25. a4 Rcd8 26. Bf3 Bf6 27. Rb4 Kc8 28. Bd5 g5 29. Rc4+ Rc7 30. Rxc7+ Kxc7 31. f4 b5 32. axb5 axb5 33. Ka2 Bg7 34. Kb3 Bxd5+ 35. Rxd5 Kc6 36. Rf5 f6 37. fxg5 fxg5 1/2-1/2

[Event "BAN Walton 1st League"]
[Site "Dhaka"]
[Date "2016.12.13"]
[Round "8.1"]
[White "Shahnaz, Mohammad Faruque"]
[Black "Islam, Khandaker Aminul"]
[Result "0-1"]
[WhiteElo "1959"]
[BlackElo "2219"]
[PlyCount "86"]
[EventDate "2016.12.06"]
[EventType "team-tourn"]
[EventRounds "9"]
[EventCountry "BAN"]
[SourceTitle "CBM 176 Extra"]
[Source "ChessBase"]
[SourceDate "2017.03.02"]
[SourceVersion "1"]
[SourceVersionDate "2017.03.02"]
[SourceQuality "1"]
[WhiteTeam "Fire Service & Civil Defense"]
[BlackTeam "Bangladesh Navy"]
[WhiteTeamCountry "BAN"]
[BlackTeamCountry "BAN"]

1. e4 e5 2. Nf3 Nc6 3. Bb5 a6 4. Bxc6 dxc6 5. d4 exd4 6. Qxd4 Qxd4 7. Nxd4 Bd7 8. Nc3 0-0-0 9. Be3 Re8 10. a3 Ne7 11. 0-0-0 c5 12. Nde2 Nc6 13. h3 Ne5 14. f4 Nc4 15. Bf2 f6 16. Rde1 Bd6 17. b3 Nxa3 18. Kb2 Nb5 19. Nxb5 Bxb5 20. Nc3 Bc6 21. Rhg1 Bxf4 22. Bxc5 Be5 23. Rd1 Bxe4 24. Bd4 Bc6 25. g4 Bh2 26. Rgf1 h6 27. Rd2 Bd6 28. h4 Bg3 29. g5 Bxh4 30. gxf6 gxf6 31. Rh2 Bg3 32. Rh5 Be5 33. Bxe5 Rxe5 34. Rff5 Rxf5 35. Rxf5 h5 36. Ne2 h4 37. Rf2 h3 38. Rh2 Rh4 39. Kc3 Bg2 40. Kd3 Kd7 41. Ke3 Re4+ 42. Kf2 Rxe2+ 43. Kxe2 c5 0-1

[Event "BAN Walton 1st League"]
[Site "Dhaka"]
[Date "2016.12.09"]
[Round "4.1"]
[White "Shahnaz, Mohammad Faruque"]
[Black "Ikramul, Haque Siam"]
[Result "1-0"]
[WhiteElo "1959"]
[BlackElo "2217"]
[PlyCount "77"]
[EventDate "2016.12.06"]
[EventType "team-tourn"]
[EventRounds "9"]
[EventCountry "BAN"]
[SourceTitle "CBM 176 Extra"]
[Source "ChessBase"]
[SourceDate "2017.03.02"]
[SourceVersion "1"]
[SourceVersionDate "2017.03.02"]
[SourceQuality "1"]
[WhiteTeam "Fire Service & Civil Defense"]
[BlackTeam "Titas CC"]
[WhiteTeamCountry "BAN"]
[BlackTeamCountry "BAN"]

1. e4 e6 2. d4 d5 3. Nd2 Nf6 4. e5 Nfd7 5. c3 c5 6. Bd3 Nc6 7. Ne2 cxd4 8. cxd4 f6 9. exf6 Nxf6 10. 0-0 Bd6 11. Nf3 Qc7 12. Bg5 0-0 13. Nc3 a6 14. Bh4 Nh5 15. Re1 g6 16. Rc1 Bf4 17. Rc2 Qg7 18. Bf1 Bd7 19. a3 Bd6 20. Be2 Kh8 21. Bg3 Nxg3 22. hxg3 g5 23. Rd2 Rf6 24. Ne5 Nxe5 25. dxe5 Bxe5 26. Nxd5 exd5 27. Rxd5 Bc6 28. Rxe5 Rxf2 29. Bf3 Rf8 30. Bxc6 bxc6 31. R5e2 Qa7 32. Rxf2 Qxf2+ 33. Kh2 Qxb2 34. Qd6 Rf6 35. Qd8+ Kg7 36. Qd7+ Kh6 37. Re7 Qc2 38. Qh3+ Kg6 39. Qxh7# 1-0

[Event "BAN-chB 42nd"]
[Site "Dhaka"]
[Date "2016.10.25"]
[Round "6"]
[White "Shahnaz, Mohammad Faruque"]
[Black "Abedin, Zainal"]
[Result "1-0"]
[WhiteElo "1979"]
[BlackElo "1873"]
[PlyCount "43"]
[EventDate "2016.10.20"]
[EventType "swiss"]
[EventRounds "11"]
[EventCountry "BAN"]
[SourceTitle "CBM 175 Extra"]
[Source "ChessBase"]
[SourceDate "2016.12.12"]
[SourceVersion "1"]
[SourceVersionDate "2016.12.12"]
[SourceQuality "1"]

1. e4 c6 2. d4 g6 3. Be3 Bg7 4. Qd2 d6 5. Nc3 Qa5 6. f4 Nd7 7. 0-0-0 b5 8. Kb1 b4 9. Nce2 Ngf6 10. Ng3 Ng4 11. Nf3 Nxe3 12. Qxe3 c5 13. h4 h5 14. d5 Ba6 15. e5 dxe5 16. fxe5 0-0 17. e6 Nf6 18. exf7+ Rxf7 19. Ng5 Bh6 20. Qe6 Bxg5 21. hxg5 Bc8 22. Qc6 1-0

[Event "BAN-chB 42nd"]
[Site "Dhaka"]
[Date "2016.10.24"]
[Round "5"]
[White "Mohammed Abdul, Malek"]
[Black "Shahnaz, Mohammad Faruque"]
[Result "1-0"]
[WhiteElo "2179"]
[BlackElo "1979"]
[PlyCount "79"]
[EventDate "2016.10.20"]
[EventType "swiss"]
[EventRounds "11"]
[EventCountry "BAN"]
[SourceTitle "CBM 175 Extra"]
[Source "ChessBase"]
[SourceDate "2016.12.12"]
[SourceVersion "1"]
[SourceVersionDate "2016.12.12"]
[SourceQuality "1"]

1. e4 e6 2. d4 d5 3. Nd2 dxe4 4. Nxe4 Bd7 5. Nf3 Bc6 6. Bd3 Nd7 7. Qe2 Ngf6 8. Neg5 Bxf3 9. Qxf3 c6 10. h4 Qa5+ 11. c3 Qd5 12. Be4 Qa5 13. Bc2 h6 14. Ne4 Nxe4 15. Bxe4 Rd8 16. Bd2 Nf6 17. Bc2 Qd5 18. Qe2 Bd6 19. Rg1 Kd7 20. g4 Kc8 21. g5 hxg5 22. hxg5 Rh1 23. 0-0-0 Rxg1 24. Rxg1 Nd7 25. g6 fxg6 26. Bb3 Qf5 27. Bxe6 Re8 28. Bxf5 Rxe2 29. Rxg6 Bf8 30. Be3 Re1+ 31. Kc2 Kd8 32. Bg5+ Nf6 33. Bxf6+ gxf6 34. Rxf6 Be7 35. Rg6 Bf8 36. Bd3 Ke7 37. b4 Rh1 38. Bc4 Rh6 39. Rg8 Rf6 40. f4 1-0

[Event "BAN-chT"]
[Site "Dhaka"]
[Date "2015.12.13"]
[Round "8.1"]
[White "Shahnaz, Mohammad Faruque"]
[Black "Haque, Rezaul"]
[Result "1-0"]
[WhiteElo "1987"]
[BlackElo "2108"]
[PlyCount "113"]
[EventDate "2015.12.06"]
[EventType "team-tourn"]
[EventRounds "9"]
[EventCountry "BAN"]
[SourceTitle "EXT 2017"]
[Source "ChessBase"]
[SourceDate "2016.10.25"]
[SourceVersion "1"]
[SourceVersionDate "2016.10.25"]
[SourceQuality "1"]
[WhiteTeam "Narayanganj"]
[BlackTeam "Titas CC"]
[WhiteTeamCountry "BAN"]
[BlackTeamCountry "BAN"]

1. e4 d6 2. d4 Nf6 3. Nc3 c6 4. f4 Qa5 5. Bd3 e5 6. dxe5 dxe5 7. f5 b5 8. Bd2 b4 9. Nce2 Qb6 10. Ng3 Bc5 11. Nh3 h5 12. Qe2 a5 13. 0-0-0 a4 14. Bc4 Ba6 15. Ng5 Ra7 16. Bxa6 Qxa6 17. Qxa6 Rxa6 18. h3 Nbd7 19. Nf1 h4 20. Ne3 Nb6 21. Ng4 Nc4 22. Nxf6+ gxf6 23. Nf3 Rb6 24. b3 axb3 25. axb3 Nd6 26. Rhe1 Nb5 27. Be3 Bxe3+ 28. Rxe3 Nc3 29. Rde1 Ke7 30. Kd2 Ra6 31. Rd3 Ra2 32. Rxc3 bxc3+ 33. Kxc3 Ra7 34. Kc4 Ra2 35. Re2 Kd6 36. Kc3 Kc7 37. Re3 Ra1 38. Re2 Rf1 39. Kc4 Rxf3 40. gxf3 Rg8 41. b4 Rg3 42. Rf2 Rxh3 43. c3 Rg3 44. Kd3 Kb6 45. c4 h3 46. Ke2 Rg1 47. Rh2 Rb1 48. Rxh3 Rxb4 49. Rh7 Rxc4 50. Rxf7 Rd4 51. Rxf6 Kb5 52. Re6 c5 53. Rxe5 Rd8 54. f6 Rf8 55. Rf5 Kc6 56. f7 Kd6 57. Kd3 1-0

[Event "BAN-chT"]
[Site "Dhaka"]
[Date "2015.12.10"]
[Round "5.1"]
[White "Abu Sufian, Sakil"]
[Black "Shahnaz, Mohammad Faruque"]
[Result "1-0"]
[WhiteElo "2325"]
[BlackElo "1987"]
[PlyCount "81"]
[EventDate "2015.12.06"]
[EventType "team-tourn"]
[EventRounds "9"]
[EventCountry "BAN"]
[SourceTitle "EXT 2017"]
[Source "ChessBase"]
[SourceDate "2016.10.25"]
[SourceVersion "1"]
[SourceVersionDate "2016.10.25"]
[SourceQuality "1"]
[WhiteTeam "Golden Sporting"]
[BlackTeam "Narayanganj"]
[WhiteTeamCountry "BAN"]
[BlackTeamCountry "BAN"]

1. e4 e6 2. d4 d5 3. Nc3 Bb4 4. e5 c5 5. a3 Ba5 6. b4 cxd4 7. Nb5 Bc7 8. f4 Ne7 9. Nf3 Nbc6 10. Bd3 Bb8 11. 0-0 a6 12. Nbxd4 Ba7 13. Be3 Nxd4 14. Nxd4 Nc6 15. c3 0-0 16. Qh5 g6 17. Qh6 f5 18. Rf3 Nxd4 19. cxd4 Bd7 20. h4 Qe7 21. h5 Qg7 22. Qg5 Rae8 23. Rg3 Kf7 24. Kf2 Bb6 25. Qh4 Bd8 26. Qh1 Kg8 27. Be2 g5 28. h6 Qh8 29. Bh5 Rf7 30. Bxf7+ Kxf7 31. Qh5+ Kf8 32. fxg5 Re7 33. Rc1 Qg8 34. g6 hxg6 35. Rxg6 Qh7 36. Rf6+ Rf7 37. Rxf7+ Qxf7 38. Qxf7+ Kxf7 39. Rh1 Kg8 40. h7+ Kh8 41. Bh6 1-0